000 00603nam a22001817a 4500
005 20251108165017.0
008 250721s1990 xx 000 0 ara d
082 1 4 _a956.0638/محم
100 1 _aالهياجنة، محمد أحمد موسى
245 1 0 _aمحاضرات في تاريخ المغول و المماليك /
264 1 _aاربد :
_bمكتبة العلوم التكنولوجية- مكتبة الحرمين،
_c1990.
300 _a169ص
650 1 7 _aتاريخ العرب
650 1 7 _aالمماليك 1250-1517
650 1 7 _aالمغول
942 _2ddc
_cBK
999 _c19803
_d19803